[Event "HUN-chT2 Asztalos 1516"]
[Site "Hungary"]
[Date "2015.09.13"]
[Round "1.1"]
[White "Pribek, Laszlo"]
[Black "Kele, Janos"]
[Result "1-0"]
[WhiteElo "2125"]
[BlackElo "2084"]
[PlyCount "121"]
[EventDate "2015.09.13"]
[EventType "team-tourn"]
[EventRounds "11"]
[EventCountry "HUN"]
[SourceTitle "CBM 170 Extra"]
[Source "ChessBase"]
[SourceDate "2016.02.25"]
[SourceVersion "1"]
[SourceVersionDate "2016.02.25"]
[SourceQuality "1"]
[WhiteTeam "Pet"]
[BlackTeam "Kaposvar Bastya"]
[WhiteTeamCountry "HUN"]
[BlackTeamCountry "HUN"]

1. e4 c5 2. Nf3 e6 3. d4 cxd4 4. Nxd4 a6 5. c4 Qc7 6. a3 Nf6 7. Nc3 Nc6 8. Be3 Be7 9. Be2 0-0 10. 0-0 Ne5 11. Rc1 d6 12. b4 Ned7 13. f3 b6 14. Qd2 Bb7 15. Rc2 Rfc8 16. Rfc1 Qd8 17. Nb3 a5 18. Nb5 axb4 19. axb4 Ne5 20. Bf4 Ba6 21. c5 Bxb5 22. Bxb5 bxc5 23. bxc5 Rcb8 24. Nd4 dxc5 25. Bxe5 cxd4 26. Bxb8 Rxb8 27. Ba6 Qd6 28. Bd3 g6 29. Rc8+ Rxc8 30. Rxc8+ Kg7 31. g3 Nd7 32. Rc2 Nc5 33. Ra2 Qb6 34. Rb2 Qa7 35. Kg2 Qa3 36. Bc4 Bf6 37. Ra2 Qc3 38. Qxc3 dxc3 39. Re2 Bd4 40. e5 f6 41. exf6+ Kxf6 42. f4 e5 43. fxe5+ Bxe5 44. Rf2+ Ke7 45. Kf1 Ne4 46. Re2 Nd2+ 47. Ke1 Nxc4 48. Re4 Kf6 49. Rxc4 h5 50. Kf2 Kf5 51. Kf3 g5 52. h3 Bf6 53. Rc5+ Kg6 54. Ke4 Bg7 55. Rc6+ Bf6 56. g4 hxg4 57. hxg4 Kf7 58. Kf5 Bd4 59. Rc7+ Ke8 60. Rc4 Be3 61. Re4+ 1-0

[Event "HUN-chT2 Asztalos 0910"]
[Site "Hungary"]
[Date "2010.04.18"]
[Round "10"]
[White "Zsigmond, Karoly"]
[Black "Kele, Janos"]
[Result "1/2-1/2"]
[WhiteElo "2062"]
[BlackElo "2103"]
[PlyCount "61"]
[EventDate "2009.11.08"]
[EventType "team-tourn"]
[EventRounds "11"]
[EventCountry "HUN"]
[SourceTitle "EXT 2011"]
[Source "ChessBase"]
[SourceDate "2010.11.26"]
[SourceVersion "1"]
[SourceVersionDate "2010.11.26"]
[SourceQuality "1"]
[WhiteTeam "Dunaujvaros"]
[BlackTeam "Szenna Pack"]
[WhiteTeamCountry "HUN"]
[BlackTeamCountry "HUN"]

1. e4 c5 2. Nf3 e6 3. d4 cxd4 4. Nxd4 a6 5. Be3 Nf6 6. Nd2 Qc7 7. f4 Nc6 8. c3 d6 9. Be2 Be7 10. 0-0 Bd7 11. Bf3 0-0 12. Qe2 Rac8 13. N4b3 b5 14. a4 Na5 15. Nxa5 Qxa5 16. axb5 Qxb5 17. Rfb1 Bc6 18. c4 Qb7 19. Qd3 d5 20. cxd5 exd5 21. Qxa6 Qxa6 22. Rxa6 dxe4 23. Be2 Nd5 24. Nf1 Nxe3 25. Nxe3 Bc5 26. Kf2 Bb7 27. Ra5 Rfd8 28. Rd1 Rxd1 29. Bxd1 Bb6 30. Rb5 Rc6 31. Re5 1/2-1/2

[Event "HUN-chT2 Asztalos 0910"]
[Site "Hungary"]
[Date "2009.12.06"]
[Round "3"]
[White "Szunyogh, Istvan"]
[Black "Kele, Janos"]
[Result "1-0"]
[WhiteElo "2010"]
[BlackElo "2103"]
[PlyCount "116"]
[EventDate "2009.11.08"]
[EventType "team-tourn"]
[EventRounds "11"]
[EventCountry "HUN"]
[SourceTitle "EXT 2011"]
[Source "ChessBase"]
[SourceDate "2010.11.26"]
[SourceVersion "1"]
[SourceVersionDate "2010.11.26"]
[SourceQuality "1"]
[WhiteTeam "Szekesfehervar"]
[BlackTeam "Szenna Pack"]
[WhiteTeamCountry "HUN"]
[BlackTeamCountry "HUN"]

1. c4 Nf6 2. Nc3 b6 3. Nf3 Bb7 4. g3 e6 5. Bg2 Be7 6. 0-0 0-0 7. Re1 d5 8. cxd5 exd5 9. d4 c5 10. Bf4 Nh5 11. Bxb8 Rxb8 12. e3 Nf6 13. Ne5 Ne4 14. Qa4 Nxc3 15. bxc3 Qc7 16. Rab1 f6 17. Nd3 Bc6 18. Qd1 Rfd8 19. Nf4 Qd7 20. Bh3 f5 21. Qh5 Rf8 22. Nd3 g6 23. Qd1 Qd6 24. Ne5 Be8 25. f4 h5 26. Bg2 c4 27. h4 Rd8 28. Bf3 Kg7 29. Re2 Qa3 30. Qd2 b5 31. Rg2 a5 32. Bd1 b4 33. Rc1 b3 34. Rb1 a4 35. axb3 cxb3 36. c4 Bb4 37. Qd3 Ba5 38. c5 Qb4 39. Qa6 Rf6 40. Qa7+ Kg8 41. Qe7 Ra6 42. Bf3 Qb8 43. Qg5 Qb7 44. Bxh5 Qg7 45. Be2 Rf6 46. g4 fxg4 47. Qxg4 Bd7 48. Nxd7 Rxd7 49. Bb5 Re7 50. Qg3 Rf5 51. Bxa4 b2 52. Rbxb2 Bc3 53. Rb8+ Kh7 54. Bc2 Rxe3 55. Qg4 Bxd4 56. Kh2 Rf6 57. h5 Re1 58. hxg6+ Rxg6 1-0

[Event "HUN-chT2 Charousek 0708"]
[Site "Hungary"]
[Date "2007.12.16"]
[Round "5"]
[White "Zambo, Tamas"]
[Black "Kele, Janos"]
[Result "1/2-1/2"]
[WhiteElo "1726"]
[BlackElo "2104"]
[PlyCount "20"]
[EventDate "2007.10.14"]
[EventType "team"]
[EventRounds "11"]
[EventCountry "HUN"]
[SourceTitle "EXT 2009"]
[Source "ChessBase"]
[SourceDate "2008.11.26"]
[SourceVersion "1"]
[SourceVersionDate "2008.11.26"]
[SourceQuality "1"]
[WhiteTeam "Nagykanizsa II"]
[BlackTeam "Szenna Pack"]
[WhiteTeamCountry "HUN"]
[BlackTeamCountry "HUN"]

1. d4 Nf6 2. c4 e6 3. Nf3 Bb4+ 4. Nbd2 c5 5. a3 Qa5 6. Rb1 Bxd2+ 7. Bxd2 Qc7 8. dxc5 Qxc5 9. e3 d5 10. cxd5 Qxd5 1/2-1/2

[Event "HUN-chT2 Charousek 0708"]
[Site "Hungary"]
[Date "2007.12.09"]
[Round "4"]
[White "Tegzes, Laszlo"]
[Black "Kele, Janos"]
[Result "1-0"]
[WhiteElo "2128"]
[BlackElo "2104"]
[PlyCount "35"]
[EventDate "2007.10.14"]
[EventType "team"]
[EventRounds "11"]
[EventCountry "HUN"]
[SourceTitle "EXT 2009"]
[Source "ChessBase"]
[SourceDate "2008.11.26"]
[SourceVersion "1"]
[SourceVersionDate "2008.11.26"]
[SourceQuality "1"]
[WhiteTeam "Husi"]
[BlackTeam "Szenna Pack"]
[WhiteTeamCountry "HUN"]
[BlackTeamCountry "HUN"]

1. e4 c5 2. c3 d5 3. exd5 Qxd5 4. d4 cxd4 5. cxd4 Nc6 6. Nf3 e6 7. Nc3 Qa5 8. Be2 Nf6 9. 0-0 Bd6 10. Bg5 Nd5 11. Qd2 h6 12. Be3 a6 13. Rac1 Bd7 14. Rfd1 g5 15. Bc4 Nce7 16. Nxd5 Qxd2 17. Nf6+ Kd8 18. Bxd2 1-0

[Event "HUN-chT2 Charousek 0708"]
[Site "Hungary"]
[Date "2007.11.25"]
[Round "3"]
[White "Remete, Eszter"]
[Black "Kele, Janos"]
[Result "0-1"]
[WhiteElo "2128"]
[BlackElo "2104"]
[PlyCount "70"]
[EventDate "2007.10.14"]
[EventType "team"]
[EventRounds "11"]
[EventCountry "HUN"]
[SourceTitle "EXT 2009"]
[Source "ChessBase"]
[SourceDate "2008.11.26"]
[SourceVersion "1"]
[SourceVersionDate "2008.11.26"]
[SourceQuality "1"]
[WhiteTeam "Haladas II"]
[BlackTeam "Szenna Pack"]
[WhiteTeamCountry "HUN"]
[BlackTeamCountry "HUN"]

1. e4 c5 2. Nf3 e6 3. d4 cxd4 4. Nxd4 a6 5. Nc3 Nf6 6. Be2 Qc7 7. Be3 Bb4 8. 0-0 Bxc3 9. bxc3 Nxe4 10. c4 Nc3 11. Qd3 Nxe2+ 12. Nxe2 f6 13. Rab1 b5 14. cxb5 axb5 15. Qxb5 Ba6 16. Qh5+ Ke7 17. Rfe1 Bxe2 18. Rxe2 Rxa2 19. Bc5+ Kd8 20. Bb6 Qxb6 21. Ree1 Rb2 22. Rbc1 Ke7 23. Qg4 Kf7 24. h4 Nc6 25. Rcd1 Qc7 26. f4 f5 27. Qh5+ g6 28. Qh6 Rxc2 29. Rd3 Ne7 30. h5 Qa7+ 31. Kh1 Qf2 32. Rg1 Rd2 33. Rh3 Rd4 34. hxg6+ Nxg6 35. g3 Qf3+ 0-1

[Event "HUN-chT2 Charousek 0708"]
[Site "Hungary"]
[Date "2007.11.11"]
[Round "2"]
[White "Totos, Imola"]
[Black "Kele, Janos"]
[Result "0-1"]
[WhiteElo "2068"]
[BlackElo "2104"]
[PlyCount "122"]
[EventDate "2007.10.14"]
[EventType "team"]
[EventRounds "11"]
[EventCountry "HUN"]
[SourceTitle "EXT 2009"]
[Source "ChessBase"]
[SourceDate "2008.11.26"]
[SourceVersion "1"]
[SourceVersionDate "2008.11.26"]
[SourceQuality "1"]
[WhiteTeam "Vizugy"]
[BlackTeam "Szenna Pack"]
[WhiteTeamCountry "HUN"]
[BlackTeamCountry "HUN"]

1. e4 c5 2. Nf3 e6 3. d4 cxd4 4. Nxd4 a6 5. Bd3 g6 6. Nc3 Bg7 7. Be3 Nc6 8. Be2 Qc7 9. Qd2 Nge7 10. h4 h5 11. 0-0-0 Ne5 12. Bf4 Qa5 13. Nb3 Qb4 14. a3 Qb6 15. Be3 Qc7 16. Bc5 Ng4 17. Bxg4 hxg4 18. Qd6 Qxd6 19. Bxd6 b5 20. Nc5 Nc6 21. Rd3 Rh5 22. Ne2 Ne5 23. Nf4 Nxd3+ 24. Ncxd3 Bh6 25. Kd1 Bxf4 26. Nxf4 Rh7 27. Kd2 g5 28. Nd3 gxh4 29. Ne5 f6 30. Nxg4 Kf7 31. Ke2 Bb7 32. f3 Rg8 33. Kf2 Rg6 34. Rd1 Bxe4 35. Bb4 Bc6 36. Bc3 Rh5 37. Bb4 Rd5 38. Rh1 Rh5 39. Ke3 e5 40. Be1 Ke6 41. Rh2 d5 42. Nf2 f5 43. Nd3 d4+ 44. Kf2 Ba8 45. c3 Kd5 46. cxd4 Kxd4 47. Ke2 f4 48. Bc3+ Kc4 49. Nxe5+ Rxe5+ 50. Bxe5 Re6 51. Rxh4 Rxe5+ 52. Kd2 Rd5+ 53. Kc2 Rd4 54. b3+ Kc5 55. Kc3 Rd1 56. Rxf4 Rg1 57. Rg4 Bd5 58. Rg5 Rb1 59. b4+ Kd6 60. Rg6+ Be6 61. Kc2 Ra1 0-1

[Event "HUN-chT2 Charousek 0607"]
[Site "Hungary"]
[Date "2007.04.15"]
[Round "8"]
[White "Rapport, Richard"]
[Black "Kele, Janos"]
[Result "1-0"]
[WhiteElo "2012"]
[BlackElo "2131"]
[PlyCount "59"]
[EventDate "2006.11.12"]
[EventType "team"]
[EventRounds "11"]
[EventCountry "HUN"]
[SourceTitle "EXT 2008"]
[Source "ChessBase"]
[SourceDate "2007.11.25"]
[SourceVersion "1"]
[SourceVersionDate "2007.11.25"]
[SourceQuality "1"]
[WhiteTeam "Lovo"]
[BlackTeam "Szenna Pack"]
[WhiteTeamCountry "HUN"]
[BlackTeamCountry "HUN"]

1. e4 c5 2. Nf3 e6 3. d4 cxd4 4. Nxd4 a6 5. Nc3 Qc7 6. Bd3 Nc6 7. Nxc6 bxc6 8. Qe2 e5 9. 0-0 Nf6 10. f4 d6 11. fxe5 dxe5 12. Kh1 Bc5 13. Bh6 Bg4 14. Qe1 gxh6 15. Rxf6 Be7 16. Rf1 Rg8 17. Bc4 Rg7 18. Qg3 h5 19. h3 Bg5 20. hxg4 Bf4 21. Qh4 Rxg4 22. Qf6 Rd8 23. Rad1 Rd4 24. Rxd4 exd4 25. Ne2 Be5 26. Bxf7+ Kf8 27. Qh6+ Bg7 28. Bxh5+ Ke7 29. Rf7+ Kd8 30. Rf8+ 1-0

[Event "HUN-chT2 Charousek 0405"]
[Site "Hungary"]
[Date "2004.12.19"]
[Round "5"]
[White "Adzic, Slobodan"]
[Black "Kele, Janos"]
[Result "1/2-1/2"]
[WhiteElo "2150"]
[BlackElo "2172"]
[PlyCount "47"]
[EventDate "2004.09.26"]
[EventType "team"]
[EventRounds "11"]
[EventCountry "HUN"]
[SourceTitle "EXT 2008"]
[Source "ChessBase"]
[SourceDate "2007.11.25"]
[SourceVersion "1"]
[SourceVersionDate "2007.11.25"]
[SourceQuality "1"]
[WhiteTeam "Decs"]
[BlackTeam "Szenna Pack"]
[WhiteTeamCountry "HUN"]
[BlackTeamCountry "HUN"]

1. e4 c5 2. Nf3 e6 3. d4 cxd4 4. Nxd4 a6 5. Nc3 Qc7 6. g3 Nc6 7. Bg2 Bc5 8. Nb3 Be7 9. a4 b6 10. 0-0 d6 11. f4 Bb7 12. Be3 Bf6 13. Qd2 Nge7 14. Qf2 Nc8 15. Rad1 0-0 16. g4 Nb4 17. Bd4 Bxd4 18. Rxd4 a5 19. Rd2 Qc4 20. Nd4 d5 21. e5 Nc6 22. Nxc6 Bxc6 23. Rd4 Qc5 24. f5 1/2-1/2

[Event "HUN-chT2 Charousek 0304"]
[Site "Hungary"]
[Date "2003.11.16"]
[Round "3"]
[White "Samu, Ferenc"]
[Black "Kele, Janos"]
[Result "0-1"]
[WhiteElo "2055"]
[BlackElo "2146"]
[PlyCount "106"]
[EventDate "2003.09.28"]
[EventType "team"]
[EventRounds "11"]
[EventCountry "HUN"]
[SourceTitle "EXT 2005"]
[Source "ChessBase"]
[SourceDate "2004.11.15"]
[SourceVersion "1"]
[SourceVersionDate "2004.11.15"]
[SourceQuality "1"]

1. e4 c5 2. c3 d5 3. exd5 Qxd5 4. d4 Nf6 5. Nf3 Nc6 6. Be2 e6 7. 0-0 cxd4 8. cxd4 Be7 9. Nc3 Qd6 10. a3 0-0 11. Be3 Nd5 12. Qd2 a5 13. Ne5 Nxe3 14. Qxe3 Nxd4 15. Bd3 f6 16. Qh3 f5 17. Rad1 Bf6 18. Rfe1 Qc7 19. f4 Nc6 20. Qe3 Nxe5 21. fxe5 Be7 22. Kh1 Bd7 23. Nb5 Qc5 24. Qxc5 Bxc5 25. Bc4 Bxb5 26. Bxb5 Rfd8 27. Bd7 Kf7 28. Rd3 Ke7 29. Red1 b6 30. a4 Ra7 31. Bb5 Rxd3 32. Rxd3 Rc7 33. Rc3 Rc8 34. h3 Rd8 35. b3 Rd5 36. Rd3 Rxe5 37. Rd7+ Kf6 38. Bc4 Re1+ 39. Kh2 f4 40. h4 Bf2 41. Rd6 Kf5 42. g4+ fxg3+ 43. Kg2 e5 44. Rd7 Rg1+ 45. Kh3 Rh1+ 46. Kg2 Rh2+ 47. Kf1 Rxh4 48. Rxg7 Ke4 49. Rf7 Rf4 50. Rg7 h5 51. Rd7 Bd4+ 52. Kg2 h4 53. Kh3 Ke3 0-1